[Event "Ustron op-B"]
[Site "Ustron"]
[Date "2024.08.13"]
[Round "5"]
[White "Nowicki, Franciszek"]
[Black "Jankowska, Julia"]
[Result "1/2-1/2"]
[WhiteElo "1799"]
[BlackElo "1860"]
[PlyCount "24"]
[EventDate "2024.08.09"]
[EventType "swiss"]
[EventRounds "9"]
[EventCountry "POL"]
[SourceTitle "EXT 2025"]
[Source "ChessBase"]
[SourceDate "2024.10.14"]
[SourceVersion "1"]
[SourceVersionDate "2024.10.14"]
[SourceQuality "1"]

1. d4 Nf6 2. Nc3 d5 3. Bg5 Bf5 4. f3 c6 5. g4 Bg6 6. e3 h5 7. gxh5 Bxh5 8. Bg2 Nbd7 9. Nge2 e6 10. a4 Qa5 11. Bxf6 Nxf6 12. Nf4 Ne4 1/2-1/2

[Event "Ustron op-B"]
[Site "Ustron"]
[Date "2024.08.11"]
[Round "3"]
[White "Becker, Krzysztof"]
[Black "Jankowska, Julia"]
[Result "1-0"]
[WhiteElo "1741"]
[BlackElo "1860"]
[PlyCount "51"]
[EventDate "2024.08.09"]
[EventType "swiss"]
[EventRounds "9"]
[EventCountry "POL"]
[SourceTitle "EXT 2025"]
[Source "ChessBase"]
[SourceDate "2024.10.14"]
[SourceVersion "1"]
[SourceVersionDate "2024.10.14"]
[SourceQuality "1"]

1. d4 Nf6 2. c4 e6 3. Nc3 Bb4 4. Nf3 d5 5. Bg5 c5 6. e3 h6 7. Bh4 Qa5 8. Qc2 Nbd7 9. Bd3 dxc4 10. Bxc4 b5 11. Be2 Bb7 12. 0-0 c4 13. a4 Bxc3 14. bxc3 0-0 15. axb5 Qxb5 16. Nd2 Nb6 17. Rfb1 Qd7 18. Bxf6 gxf6 19. Rb4 Kh8 20. Nxc4 Nxc4 21. Bxc4 Qc6 22. f3 f5 23. Qb2 Rfc8 24. Rxb7 Qxc4 25. Rxf7 Qxc3 26. Rf8+ 1-0

[Event "POL-ch Universities (Women)"]
[Site "Lublin"]
[Date "2024.02.23"]
[Round "2"]
[White "Jankowska, Julia"]
[Black "Cieslak, Wiktoria"]
[Result "0-1"]
[WhiteElo "1767"]
[BlackElo "1868"]
[PlyCount "68"]
[EventDate "2024.02.22"]
[EventType "swiss"]
[EventRounds "9"]
[EventCountry "POL"]
[SourceTitle "CBM 219 Extra"]
[Source "ChessBase"]
[SourceDate "2024.05.31"]
[SourceVersion "1"]
[SourceVersionDate "2024.05.31"]
[SourceQuality "1"]

1. d4 Nf6 2. c4 e6 3. Nf3 b6 4. g3 Bb7 5. Bg2 Bb4+ 6. Nbd2 0-0 7. 0-0 Bxd2 8. Bxd2 c5 9. b3 d6 10. Bc3 Qe7 11. Re1 Nbd7 12. Qc1 Rfe8 13. Rd1 Rac8 14. Bb2 h6 15. dxc5 Nxc5 16. Bxf6 Qxf6 17. Rxd6 Red8 18. Rxd8+ Rxd8 19. Qe1 Rd7 20. Rd1 Qb2 21. Rxd7 Nxd7 22. Qd2 Qb1+ 23. Bf1 Nf6 24. Qd8+ Kh7 25. Qd3+ Be4 26. Qxb1 Bxb1 27. a3 Ba2 28. b4 Bxc4 29. Ne5 Bb5 30. Nxf7 Ne4 31. Nd8 Bc4 32. Nc6 a6 33. Nd4 Nd2 34. e3 Nxf1 0-1